Moro archives : (Record no. 16909)
[ view plain ]
| 000 -LEADER | |
|---|---|
| fixed length control field | 00839nam a2200181 4500 |
| 008 - FIXED-LENGTH DATA ELEMENTS--GENERAL INFORMATION | |
| fixed length control field | 030909s2000 ph ab b 001 0 eng |
| 090 ## - LOCALLY ASSIGNED LC-TYPE CALL NUMBER (OCLC); LOCAL CALL NUMBER (OCLC) | |
| Classification number (OCLC) (R) ; Classification number, CALL (RLIN) (NR) | DS688.M2 |
| Local cutter number (OCLC) ; Book number/undivided call number, CALL (RLIN) | L96m |
| 100 1# - MAIN ENTRY--PERSONAL NAME | |
| Personal name | Lucman, Norodin Alonto. |
| 245 10 - TITLE STATEMENT | |
| Title | Moro archives : |
| Remainder of title | a history of armed conflicts in Mindanao and East Asia / |
| Statement of responsibility, etc | Norodin Alonto Lucman. |
| 246 30 - VARYING FORM OF TITLE | |
| Title proper/short title | History of armed conflicts in Mindanao and East Asia |
| 260 ## - PUBLICATION, DISTRIBUTION, ETC. (IMPRINT) | |
| Place of publication, distribution, etc | [Quezon City : |
| Name of publisher, distributor, etc | FLC Press, |
| Date of publication, distribution, etc | 2000] |
| 300 ## - PHYSICAL DESCRIPTION | |
| Extent | 412 p. : |
| Other physical details | ill., maps ; |
| Dimensions | 28 cm. |
| 504 ## - BIBLIOGRAPHY, ETC. NOTE | |
| Bibliography, etc | Includes bibliographical references (p. 367-369) and index. |
| 650 #4 - SUBJECT ADDED ENTRY--TOPICAL TERM | |
| Topical term or geographic name as entry element | Muslims |
| Geographic subdivision | Philippines |
| -- | Mindanao Island |
| General subdivision | Political activity. |
| 651 #4 - SUBJECT ADDED ENTRY--GEOGRAPHIC NAME | |
| Geographic name | Mindanao Island (Philippines) |
| General subdivision | History |
| Chronological subdivision | Autonomy and independence movements. |
| 651 #4 - SUBJECT ADDED ENTRY--GEOGRAPHIC NAME | |
| Geographic name | Philippines |
| General subdivision | History |
| Chronological subdivision | 20th century. |
| 951 ## - EQUIVALENCE OR CROSS-REFERENCE-GEOGRAPHIC NAME/AREA NAME [OBSOLETE] [CAN/MARC only] | |
| General subdivision | 00025362 |
| 951 ## - EQUIVALENCE OR CROSS-REFERENCE-GEOGRAPHIC NAME/AREA NAME [OBSOLETE] [CAN/MARC only] | |
| -- | 26368 |
| -- | DS688.M2/L96m |
| -- | 070613111310984 |
| -- | 2000-12-21 |
| -- | OS-FIL |
| Withdrawn status | Lost status | Damaged status | Not for loan | Home library | Current library | Shelving location | Date acquired | Accession number | Shelving control number | Total Checkouts | Full call number | Barcode | Date last seen | Price effective from | Koha item type |
|---|---|---|---|---|---|---|---|---|---|---|---|---|---|---|---|
| BSOP Library | BSOP Library | Oversized Filipiniana | 12/21/2000 | 26368 | 127 | DS688.M2/L96m | 00025362 | 02/23/2013 | 02/23/2013 | Books |
